00465nam a2200133Ia 4500008004100000041000800041082000800049100003500057245002500092260003900117906001200156999001700168952014600185221007s9999 xx 000 0 und d aeng bHUS aHussain Zakir, Composer996758 aMusic of The Deserts c2011bThe India Today GroupaDelhi bGeneral c61198d61198 00104070aHIMRbHIMRd2011-12-08eDream Inheritorg100.00i2812l0o HUSpHIMR-AV-1375r2022-10-07 00:00:00v100.00w2011-11-17yVCzAV1375